Better measurement better management (Record no. 105588)

MARC details
000 -LEADER
fixed length control field 01591cam a2200217 4500
001 - CONTROL NUMBER
control field ##L134183
008 - FIXED-LENGTH DATA ELEMENTS--GENERAL INFORMATION
fixed length control field 060717n2006 000 0 eng u
035 ## - SYSTEM CONTROL NUMBER
System control number (Sirsi) u134183
041 0# - LANGUAGE CODE
Language code of text/sound track or separate title eng
050 04 - LIBRARY OF CONGRESS CALL NUMBER
Classification number 352.5 $2 18
110 1# - MAIN ENTRY--CORPORATE NAME
Corporate name or jurisdiction name as entry element Office of Government Commerce
9 (RLIN) 3987
245 00 - TITLE STATEMENT
Title Better measurement better management
Remainder of title effective management of the government estate
260 ## - PUBLICATION, DISTRIBUTION, ETC.
Place of publication, distribution, etc. London
Name of publisher, distributor, etc. OGC
Date of publication, distribution, etc. 2006
505 2# - FORMATTED CONTENTS NOTE
Formatted contents note The challenge -- The property benchmarking service -- Developing our thinking: the property benchmarking pilot -- Pilot achievements -- The performance measurement system model -- The pilot sample -- The scoring systems -- A sample building -- Findings -- The pilot project -- Opportunities from efficiency analysis -- Delivering the benefits
520 ## - SUMMARY, ETC.
Summary, etc. Measuring how well property performs is a critical component of better asset management. With an office estate of 13m sq metres in UK central government, even modest improvements in performance offer significant opportunities for delivery of savings. This document outlines OGC's pilot benchmarking study, the adopted methodology and the plans for rolling this new service out across central government. It will interest strategic decision makers, project and programme directors, heads of estates, facilities managers and everyone engaged in asset management strategies. [Taken from report abstract].
590 ## - LOCAL NOTE (RLIN)
Local note IKA180706
651 #4 - SUBJECT ADDED ENTRY--GEOGRAPHIC NAME
Geographic name United Kingdom
Chronological subdivision
690 ## - LOCAL SUBJECT ADDED ENTRY--TOPICAL TERM (OCLC, RLIN)
Topical term or geographic name as entry element Block management
9 (RLIN) 6220
856 40 - ELECTRONIC LOCATION AND ACCESS
Uniform Resource Identifier <a href="https://83.231.159.114/documents/cp0134.pdf">https://83.231.159.114/documents/cp0134.pdf</a>
Public note View the item free of charge online...
942 ## - ADDED ENTRY ELEMENTS (KOHA)
Suppress in OPAC 0
Holdings
Withdrawn status Lost status Source of classification or shelving scheme Damaged status Not for loan Home library Current library Shelving location Date acquired Total Checkouts Full call number Barcode Date last seen Copy number Price effective from Koha item type
    Dewey Decimal Classification     Virtual Virtual Online 17/07/2006   ONLINE PUBLICATION 134183-2001 06/08/2019 1 06/08/2019 Book